000
00316nam a22001457a 4500
020
_a
9789383285204
041
_a
ENG
100
_a
Vaughan.L.M
245
_a
Farm Work Simplification
260
_a
Delhi
_b
Agri Horti Press
_c
2015
300
_a
145
650
_a
FMP
700
_a
Hardin.L.S
856
_u
FMP ( 16 )
999
_c
1381
_d
1381